| 000 | 00000nam##2200000za#4500 |
| 001 | 9.691499 |
| 003 | CaOODSP |
| 005 | 20210624232807 |
| 007 | cr ||||||||||| |
| 008 | 150407|2007||||xxc|||||o f|0| 0 eng|d |
| 020 | |a978-1-100-10945-9 |
| 040 | |aCaOODSP|beng |
| 043 | |an-cn--- |
| 086 | 1 |aA52-123/2007E-PDF |
| 110 | 1 |aCanada. |bAgriculture and Agri-Food Canada. |bResearch Branch. |
| 245 | 10|aFusarium dry rot and seed piece decay in the Maritimes |h[electronic resource] |
| 260 | |aOttawa - Ontario : |bAgriculture and Agri-Food Canada. |c[2007]. |
| 300 | |a2p.|bphotographs |
| 590 | |a10-02-Supp|b2010-06-14 |
| 690 | 07|aVegetable crops|2gcpds |
| 690 | 07|aFungicides|2gcpds |
| 775 | 08|tPourriture sèche fusarienne et pourriture des plantons dans les Maritimes |w(CaOODSP)9.635827 |
| 856 | 40|ahttp://publications.gc.ca|qPDF|s166 KB|uhttps://publications.gc.ca/collections/collection_2009/agr/A52-123-2007E.pdf |
| 986 | |aAAFC 2007F-15E |